书目信息 |
| 题名: |
R语言数据高效处理指南
|
|
| 作者: | 黄天元 著 | |
| 分册: | ||
| 出版信息: | 北京 北京大学出版社 2019.9 |
|
| 页数: | 204页 | |
| 开本: | 26cm | |
| 丛书名: | ||
| 单 册: | ||
| 中图分类: | TP312.8R , TP274 | |
| 科图分类: | ||
| 主题词: | 程序语言--程序设计 , 数据采集 | |
| 电子资源: | ||
| ISBN: | 978-7-301-30608-6 | |
| 000 | 00929nam0 2200265 45 | |
| 001 | 012001001908 | |
| 005 | 20140912160615.0 | |
| 010 | @a978-7-301-30608-6@dCNY59.00 | |
| 100 | @a20191008d2019 em y0chiy50 ea | |
| 101 | 0 | @achi |
| 102 | @aCN@b110000 | |
| 105 | @ay z 000yy | |
| 106 | @ar | |
| 200 | 1 | @aR语言数据高效处理指南@AR yu yan shu ju gao xiao chu li zhi nan@b专著@f黄天元著 |
| 210 | @a北京@c北京大学出版社@d2019.9 | |
| 215 | @a204页@d26cm | |
| 330 | @a本书分为基础知识、快速入门、高级进阶、实战应用四个部分,具体内容包括:数据处理总论,R语言编程基础,base-r:基本数据处理,tidyverse生态系统:简洁高效数据处理,data.table:高速数据处理,sparklyr:分布式数据处理等。 | |
| 606 | 0 | @a程序语言@x程序设计 |
| 606 | 0 | @a数据采集 |
| 610 | 0 | @aR语言 |
| 690 | @aTP312.8R@v5 | |
| 690 | @aTP274@v5 | |
| 701 | 0 | @a黄天元@Ahuang tian yuan@4著 |
| 801 | 0 | @aCN@bBJSDL@c20211011 |
| 905 | @b1337684-7@dTP312.8R@e1910@f4 | |
| R语言数据高效处理指南/黄天元著.-北京:北京大学出版社,2019.9 |
| 204页;26cm |
| ISBN 978-7-301-30608-6:CNY59.00 |
| 本书分为基础知识、快速入门、高级进阶、实战应用四个部分,具体内容包括:数据处理总论,R语言编程基础,base-r:基本数据处理,tidyverse生态系统:简洁高效数据处理,data.table:高速数据处理,sparklyr:分布式数据处理等。 |
| ● |
| 相关链接 |
|
|
|
|
正题名:R语言数据高效处理指南
索取号:TP312.8R/1910
 
预约/预借
| 序号 | 登录号 | 条形码 | 馆藏地/架位号 | 状态 | 备注 |
| 1 | 1337684 | 213376844 | 第二样本阅览室/ [索取号:TP312.8R/1910] | 在馆 | |
| 2 | 1337685 | 213376853 | 第三借阅区/ [索取号:TP312.8R/1910] | 在馆 | |
| 3 | 1337686 | 213376862 | 第三借阅区/ [索取号:TP312.8R/1910] | 在馆 | |
| 4 | 1337687 | 213376871 | 第三借阅区/ [索取号:TP312.8R/1910] | 在馆 |